| 000 | 00433nam a2200145Ia 4500 | ||
|---|---|---|---|
| 008 | 170224s9999 xx 000 0 und d | ||
| 100 | _aDavid Ashton | ||
| 245 | _aConservatism in residual income models: theory and supporting evidence | ||
| 245 | _cDavid Ashton & Pengguo Wang | ||
| 260 | _bAccounting and Business Research | ||
| 260 | _c2015 | ||
| 300 | _a45:3, pages 387-410 | ||
| 650 | _xAccountancy | ||
| 650 | _xAccounting | ||
| 999 |
_c316096 _d316096 |
||